| 000 | 03487nam2a22003851 4500 | ||
|---|---|---|---|
| 001 | RU\NLR\A1\312 | ||
| 005 | 20251203152403.2 | ||
| 035 | _a(NLR Aleph) 009670479 | ||
| 090 |
_a13473936 _c13473936 |
||
| 100 | _a19960511d1794 m y0rusy50 ca | ||
| 101 | 1 |
_arus _ceng |
|
| 140 | _ay y eayaa0000 | ||
| 200 | 0 | _aЧ.2 | |
| 215 | _a207, [1] с. | ||
| 316 |
_aЭкз. РНБ (18.227.4.9 (Ч.2)) в одном томе с Ч.1. _5NLR: 18.227.4.9 (Ч.2) |
||
| 316 |
_aЭкз. РНБ (137/44 (Ч.2)) в одном томе с Ч.1. _5NLR: 137/44 (Ч.2) |
||
| 316 |
_aЭкз. РНБ (РЗФ 18 в. 1/316 (Ч.2)) в составном картонном пер., обтянутом бумагой, с кожаными корешком и уголками. Корешок гладкий, с блинтовым тиснением и красной кожан. наклейкой с загл. и номером тома: "Приключе[ния] Клевеланд[ши] 2". На нижней крышке пер. экслибрис РЗФ ГПБ с шифром. На тит. л. круглый штамп ГПБ: "Дублет". _5NLR: РЗФ 18 в. 1/316 (Ч.2) |
||
| 316 |
_aЭкз. РНБ (РЗФ 18 в. 1/316а (Ч.2)) в одном томе с Ч.1. _5NLR: РЗФ 18 в. 1/316а (Ч.2) |
||
| 317 |
_aЭкз. РНБ (137/44 (Ч.2)) из книг Коплана Б.И. _5NLR: 137/44 (Ч.2) |
||
| 317 |
_aЭкз. РНБ (РЗФ 18 в. 1/316 (Ч.2)) с экслибрисом Библиотеки для чтения А.Смирдина с вписанным номером: 8511 (Богомолов 10647) на форзаце и шрифт. ярлыком: «Антикварная книжная торговля В.И.Клочкова» на нахзаце. _5NLR: РЗФ 18 в. 1/316 (Ч.2) |
||
| 317 |
_aЭкз. РНБ (РЗФ 18 в. 1/316а (Ч.2)) с экслибрисом Библиотеки для чтения А.Смирдина с вписанным номером: 8511 (Богомолов 10647) на форзаце и шрифт. ярлыком: «Антикварная книжная торговля В.И.Клочкова» на нахзаце. _5NLR: РЗФ 18 в. 1/316а (Ч.2) |
||
| 461 | 1 |
_1001RU\NLR\A1\310 _12000#$aАнглинския письма или Приключения госпожи Клевеландши, описанныя ею самою.$fПеревел Николай Осипов.$vЧ.2 _99658825 _cВ Санктпетербурге _d1794 _eИздание второе _fПеревел Николай Осипов. _nПечатано иждивением И.К.Шнора _tАнглинския письма или Приключения госпожи Клевеландши, описанныя ею самою. _vЧ.2 |
|
| 482 | 0 |
_1001RU\NLR\A1\311 _12000#$aЧ.1 _913473935 _p215, [1] с. _tЧ.1 |
|
| 702 | 1 |
_aКоплан _bБ. И. _f1898-1942 _gБорис Иванович _5NLR: 137/44 (Ч.2) _4390 |
|
| 702 | 1 |
_4390 _7ca _8rus _aКлочков _bВ. И. _fок.1861-1915 _gВасилий Иванович _9172600 _3RU\NLR\AUTH\770172651 |
|
| 702 | 1 |
_4390 _7ca _8rus _aСмирдин _bА. Ф. _f1795-1857 _gАлександр Филиппович _947457 _3RU\NLR\AUTH\7764528 |
|
| 801 | 0 |
_aRU _bNLR _c19960511 |
|
| 852 |
_aNLR _j18.227.4.9 (Ч.2) |
||
| 852 |
_aNLR _j137/44 (Ч.2) |
||
| 852 |
_aNLR _bРЗФ _j18 в. 1/316 (Ч.2) |
||
| 852 |
_aNLR _bРЗФ _j18 в. 1/316а (Ч.2) |
||
| 942 | _cBOOK | ||
| 980 | _aA1XVIIIv | ||
| 980 | _aNB | ||